000 00627nam a2200241Ia 4500
008 160901s9999 xx 000 0 und d
020 _a978-981-4195-45-4
050 _aComSc QA 76.73
050 _b.J38M35 2007
100 _aMalik, D.S.
245 _aJava programming :
245 _bfrom problem analysis to program design /
245 _cD.S. Malik.
250 _a2nd Edition
260 _aSingapore :
260 _bThomson Learning Asia.,
260 _c2007
300 _a1103 pages :
300 _bill. ;
300 _c20 cm.
500 _aIncludes index.
650 _aJava (Computer program language).
999 _c300782
_d300782